Ako si žijeme?

Odpoveďou na túto otázku sú tzv. lifestylové prieskumy. Prehľad o tom, aká bola a dnes je ich ponuka na Slovensku.

Na minha lista:
Detalhes bibliográficos
Autor principal: Batíková-Navrátilová, Nataša
Formato: Capítulo de Livro
Idioma:eslovaco
Assuntos:
Tags: Adicionar Tag
Sem tags, seja o primeiro a adicionar uma tag!

MARC

LEADER 00000naa$a2200000$$$4500
001 0002201
005 20231003080301.1
041 0 |a slo 
044 |a SK 
245 1 0 |a Ako si žijeme?  |c aut. Nataša Batíková-Navrátilová 
520 |a Odpoveďou na túto otázku sú tzv. lifestylové prieskumy. Prehľad o tom, aká bola a dnes je ich ponuka na Slovensku. 
610 2 0 |a agentúry 
610 2 0 |a prieskum trhu 
610 2 0 |a štýl životný 
610 2 0 |a úroveň životná 
610 2 0 |a Slovensko 
100 1 |a Batíková-Navrátilová, Nataša